LEADER 00998naa a2200217 u 4500 001 000000097627 003 CaOOAMICUS 005 20070226130151.0 008 050504s1978 it u000 u ita u 035 $a11044866 040 $aIAR$bita 100 1 $aBodei, Remo,$d1938-$0(OLS)http://pul/name/9634 245 13$aIl dado truccato :$bSenso, probabiltią e storia in Weber /$cRemo Bodei. 260 $aPisa :$bScuola Normale,$c1978. 300 $aS. 1415-1433 ;$c25 cm 500 $aSeminario su Max Weber. 730 0 $aAnnali della Scuola normale superiore di Pisa, Classe di lettere e filosofia$g[Spogli].$0(OLS)http://pul/title/24292 773 0 $tAnnali della Scuola Normale Superiore di Pisa$gSerie III, vol. VIII,4 (1978). 773 0 $tAnnali della Scuola normale superiore di Pisa, Classe di lettere e filosofia$w()16982 996 $6245$aIl dado truccato :$bSenso, probabiltią e storia in Weber$9(OLS)http://pul/title/124511 996 $6260$aPisa :$bScuola Normale$9(OLS)http://pul/publisher/79182 LEADER 01686nam a2200349 a 4500 001 000000174656 003 CaOOAMICUS 005 20210714112104.0 006 a 000 u 008 210714s2021 it u000 u ita r 020 $a978-88-10-21710-8* 032 $aLibriCat 040 $aPUL$bita 100 1 $aParisi, Cristiano Massimo,$cC.P.,$d1969 -$0(OLS)http://pul/name/90553 245 13$aLa memoria della Passione nel carisma di fondazione di San Paolo della Croce : $blinee guida per una ermeneutica /$cCristiano Massimo Parisi; Presentazione di Joachim Rego, Prefazione di Agostino Montan, postfazione di Mario Fedele Collu. 260 $aBologna :$bEDB,$c©2021. 300 $a198 p. ;$c21 cm 490 1 $aStudi e ricerche 504 $aBibliografia in nota. 600 04$aPaulus a Cruce,$cs.,$d1694-1775.$0(OLS)http://pul/subject/32940 610 24$aPassionisti$xStoria.$0(OLS)http://pul/subject/10704 700 1 $aRego, Joachim.$0(OLS)http://pul/name/112228 700 1 $aMontan, Agostino.$0(OLS)http://pul/name/34809 700 1 $aCollu, Mario Fedele.$0(OLS)http://pul/name/79484 830 0$aStudi e ricerche (Dehoniane).$0(OLS)http://pul/title/118171 850 $aPUL 852 $aPUL$W1$xSL Religione 3$y85$m271. 6 PARCR 1$j198965$qDDC 21$B203599$CPULBib$Z2$F203599 $H135114 $82 941 1 $a9 996 $6020$a978-88-10-21710-8*$9(OLS)http://pul/number/168274 996 $6245$aLa memoria della Passione nel carisma di fondazione di San Paolo della Croce : $blinee guida per una ermeneutica$9(OLS)http://pul/title/215966 996 $6260$aBologna :$bEDB$9(OLS)http://pul/publisher/56073